Con đường nâng cao hiệu quả dạy văn Tài liệu bồi dưỡng giáo viên văn học cấp ba miền Nam

Giới thiệu những vấn đề cơ bản đúc kết được qua thời gian nghiên cứu và giảng dạy trong nhà trường cách mạng

Đã lưu trong:
书目详细资料
主要作者: Phan Trọng Luận
格式: 图书
语言:Vietnamese
出版: H. Giaó dục 1978
主题:
标签: 添加标签
没有标签, 成为第一个标记此记录!
Thư viện lưu trữ: Mạng thư viện Đại học Đà Nẵng
LEADER 01230nam a2200325 4500
001 000004036
003 164
005 20121211001240.0
008 110714s1978 viesd
020 |c 8000 
041 0 |a vie 
082 |a 807  |b PH-L 
100 0 |a Phan Trọng Luận 
245 0 |a Con đường nâng cao hiệu quả dạy văn  |b Tài liệu bồi dưỡng giáo viên văn học cấp ba miền Nam  |c Phan Trọng Luận 
260 |a H.  |b Giaó dục  |c 1978 
300 |a 225 tr.  |c 19 cm 
520 |a Giới thiệu những vấn đề cơ bản đúc kết được qua thời gian nghiên cứu và giảng dạy trong nhà trường cách mạng 
653 |a Dạy văn 
653 |a Phan Trọng Luận 
910 |a Tăng Thị Thu Sương  |d 14/7/2011 
OWN |a LSP 
AVA |a UDN50  |b LSP  |d 807 PH-L  |e unavailable  |t Error 5002 Not defined in file expand_doc_bib_avail.  |f 1  |g 1  |h N  |i 0  |k 1 
999 |a From the UDN01 
AVA |a UDN50  |b LSP  |d 807 PH-L  |e unavailable  |t Error 5002 Not defined in file expand_doc_bib_avail.  |f 1  |g 1  |h N  |i 0  |k 1 
TYP |a Monograph 
TYP |a Printed language 
980 |a Mạng thư viện Đại học Đà Nẵng